[Event "Brasilia JEBS op"]
[Site "Brasilia"]
[Date "2023.10.28"]
[Round "2"]
[White "Rodrigues, Arthur GA Dantas"]
[Black "Fagundes, Arthur Calgaro Berg"]
[Result "1-0"]
[WhiteElo "1215"]
[BlackElo "1611"]
[PlyCount "60"]
[EventDate "2023.10.28"]
[EventType "swiss"]
[EventRounds "6"]
[EventCountry "BRA"]
[SourceTitle "Mega2024 Update 01"]
[Source "Chessbase"]
[SourceDate "2023.11.12"]
[SourceVersion "1"]
[SourceVersionDate "2023.11.12"]
[SourceQuality "1"]

1. d4 Nf6 2. c4 g6 3. Bf4 d6 4. Nc3 Bg7 5. Nf3 0-0 6. e4 Nh5 7. Bg3 Nxg3 8. fxg3 Nd7 9. Be2 e5 10. dxe5 Nxe5 11. 0-0 Re8 12. Qd2 Be6 13. Nxe5 dxe5 14. Rad1 Qd4+ 15. Qxd4 exd4 16. Nd5 Bxd5 17. cxd5 Rxe4 18. Bc4 Re7 19. Rd3 Kh8 20. Rdf3 f5 21. h4 a6 22. h5 b5 23. Bb3 Re2 24. hxg6 hxg6 25. g4 Rae8 26. Rh3+ Bh6 27. Rxh6+ Kg7 28. Rh4 f4 29. g5 Rxb2 30. Rhxf4 Re3 1-0